Coupe du Monde 2026 - Tous Équipes - Statistiques

Statistiques générales
  • Ce quiz a été pris 397 fois
    2 depuis la dernière actualisation
  • Le résultat moyen est 40 sur 48
Statistiques - réponses
Groupe Pays % Correct
Group A Afrique du Sud
100%
Group J Algérie
100%
Group E Allemagne
100%
Group L Angleterre
100%
Group H Arabie saoudite
100%
Group J Argentine
100%
Group D Australie
100%
Group G Belgique
100%
Group B Bosnie*
100%
Group C Brésil
100%
Group B Canada
100%
Group H Cap-Vert
100%
Group K Colombie
100%
Group A Corée du Sud
100%
Group E Cote d'Ivoire
100%
Group L Croatie
100%
Group E Curaçao
100%
Group C Écosse
100%
Group G Égypte
100%
Group E Équateur
100%
Group H Espagne
100%
Group D États-Unis
100%
Group I France
100%
Group G Iran
100%
Group F Japon
100%
Group C Maroc
100%
Group A Mexique
100%
Group I Norvège
100%
Group G Nouvelle-Zélande
100%
Group K Ouzbékistan
100%
Group F Pays-Bas
100%
Group K Portugal
100%
Group B Qatar
100%
Group I Sénégal
100%
Group D Suède
100%
Group B Suisse
100%
Group F Tunisie
100%
Group L Ghana
50%
Group J Jordanie
50%
Group L Panama
50%
Group D Paraguay
50%
Group H Uruguay
50%
Group J Autriche
0%
Group F Czech Republique
0%
Group K DR Congo
0%
Group C Haiti
0%
Group I Iraq
0%
Group A Turquoise
0%
Aucun quiz correspondant
Distribution des résultats
% des personnes avec chaque résultat
Percentile par nombre de réponses
Votre historique - résultats
Vous n’avez pas pris ce quiz depuis la dernière actualisation